1520 1970 1239 1464 1807 1652 1747 1902 1655 1883 1240 1364 1595 1998 1978 1319 1168 1992 1678 1093 1013 1546 1693 1575 1966 1157 1592 1292 1050 1561 1547 1526 1169 1122 1973 1332 1961 1746 1325 1000 1779 1498 1679 1557 1079 1757 1999 1342 1800 1014 1680 1759 1225 1294 1826 1843 1453 1975 1129 1861 1650 1836 1901 1816 1642 1473 1177 1963 1736 1954 1552 1165 1135 1136 1672 1474 1615 1971 1488 1215 1616 1453 1920 1196 1673 1216 1945 1230 1522 1345 1364 1516 1130 1495 1272 1750 1398 1683 1617 BCNSPRNW ULIB Ver.6.0+V

เปลี่ยนเป็นภาษาไทย

Change to English
 แสดงรายละเอียดบรรณานุกรม
  กลับหน้าหลัก

Brief Record : Get Marc (ISO 2709) : E-mail record : QR code < ปิดหน้าต่าง
LEADER : 00000nam 2200000uu 4500
001    13399121600
003     ULIB
008    121126s||||||||th 000 0 tha d
020    ^a9789743429194
060 04 ^aWC503.2^bส253ก 2551
100 0  ^aสมนึก สังฆานุภาพ
245 10 ^aการดื้อยาต้านเอชไอวี :^bหลักการพื้นฐานและการใช้ทางคลินิก =HIV drug resistance : basic principles & clinical implications /^cสมนึก สังฆานุภาพ
246 30 ^aHIV drug resistance :^bbasic principles & clinicalimplications
250    ^aพิมพ์ครั้งที่ 1
260    ^aกรุงเทพฯ :^bหน่วยโรคติดเชื้อ ภาควิชาอายุรศาสตร์คณะแพทยศาสตร์โรงพยาบาลรามาธิบดี มหาวิทยาลัยมหิดล,^c2551
300    ^a[6], 232 หน้า :^bภาพประกอบ ;^c27 ซม.
650  2 ^aHIV
650  2 ^aResistance
650  7 ^aกลุ่มอาการภูมิคุ้มกันเสื่อม^xการรักษาด้วยยา^xผลไม่พึงประสงค์
650  7 ^aเอชไอวี, การติดเชื้อ^xการรักษา
650  7 ^aการดื้อยา
650  7 ^aสารต้านไวรัส^xผลไม่พึงประสงค์
650  7 ^aเอชไอวี, การติดเชื้อ^xการรักษาด้วยยา^xผลไม่พึงประสงค์
710 2  ^aมหาวิทยาลัยมหิดล. ^bคณะแพทยศาสตร์โรงพยาบาลรามาธิบดี.^bภาควิชาอายุรศาสตร์
945    ^p450^l0^i15694
945    ^p450^l0^i15695
995    ^aกัณชพร
999 ^a ใช้งานได้ทุกระบบ
รายการนี้ยังไม่มีแท็ก
คุณยังไม่ได้ล็อกอิน คุณสามารถมีกิจกรรมร่วมกับเว็บไซต์ได้ แต่ต้องล็อกอินก่อน ::
  ล็อกอิน

รายการสื่อสารสนเทศ

ลำดับที่ ประเภท เลขเรียก/บาร์โค้ด สถานที่ สถานะ
1. วิทยาศาสตร์การแพทย์ และสุขภาพ
วิทยาศาสตร์การแพทย์ และสุขภาพ
WC503.2 ส253ก 2551  
  Barcode: 15694
ห้องสมุดวิทยาเขตสวรรค์ประชารักษ์
►ส่วนจัดเก็บหนังสือเก่า สปร
บนชั้น
  ขอยืม
2. วิทยาศาสตร์การแพทย์ และสุขภาพ
วิทยาศาสตร์การแพทย์ และสุขภาพ
WC503.2 ส253ก 2551 ฉ.2 
  Barcode: 15695
ห้องสมุดวิทยาเขตสวรรค์ประชารักษ์
►ส่วนจัดเก็บหนังสือเก่า สปร
บนชั้น
  ขอยืม

รายการใกล้เคียง
    ผู้แต่ง [สมนึก สังฆานุภาพ]

    หัวเรื่อง [HIV]
    หัวเรื่อง [Resistance]
    หัวเรื่อง [การดื้อยา]

BibComment


ยังไม่เคยถูกคอมเมนท์

คอมเมนท์ทรัพยากรรายการนี้
  คอมเมนท์: การดื้อยาต้านเอช..


 Copyright 2026. Bcnsprnw @Library